Cinema Architecture (Record no. 8276)

MARC details
000 -LEADER
fixed length control field 00385nam a2200157Ia 4500
008 - FIXED-LENGTH DATA ELEMENTS--GENERAL INFORMATION
fixed length control field 230312s9999||||xx |||||||||||||| ||und||
020 ## - INTERNATIONAL STANDARD BOOK NUMBER
International Standard Book Number 0-03768-027-8
082 ## - DEWEY DECIMAL CLASSIFICATION NUMBER
Classification number 727.7097
Item number UFF-C
100 ## - MAIN ENTRY--PERSONAL NAME
Personal name Uffelen;Chris.Van
245 #0 - TITLE STATEMENT
Title Cinema Architecture
260 ## - PUBLICATION, DISTRIBUTION, ETC.
Name of publisher, distributor, etc. Braun
Place of publication, distribution, etc. Germany
Date of publication, distribution, etc. 2009
300 ## - PHYSICAL DESCRIPTION
Extent 253
546 ## - LANGUAGE NOTE
Language note Eng.
650 ## - SUBJECT ADDED ENTRY--TOPICAL TERM
Topical term or geographic name entry element Architecture
Form subdivision Cinema Architecture
942 ## - ADDED ENTRY ELEMENTS (KOHA)
Koha item type BOOK
Holdings
Withdrawn status Lost status Damaged status Not for loan Home library Current library Date acquired Total Checkouts Full call number Barcode Date last seen Price effective from Koha item type
        Superior Information Resource Center (SIRC) Superior University- Main Campus Superior Information Resource Center (SIRC) Superior University- Main Campus 03/13/2023   727.7097 UFF-C 8384 03/13/2023 03/13/2023 BOOK

Powered by Koha